[Event "Team Championship Russia (Blitz, Men)"]
[Site "Sochi"]
[Date "2018.10.10"]
[Round "7.6"]
[White "Kobalia, Mikhail"]
[Black "Antipov, Mikhail Al."]
[Result "1-0"]
[BlackElo "2491"]
[WhiteElo "2492"]
[LiveChessVersion "1.4.8"]

1. e4 {[%clk 0:03:03]} e6 {[%clk 0:03:04]} 2. d4 {[%clk 0:03:03]} d5
{[%clk 0:03:05]} 3. Nc3 {[%clk 0:03:04]} Bb4 {[%clk 0:03:06]} 4. e5
{[%clk 0:03:05]} Qd7 {[%clk 0:03:07]} 5. Qg4 {[%clk 0:03:05]} Bf8
{[%clk 0:03:07]} 6. Nf3 {[%clk 0:03:01]} Ne7 {[%clk 0:03:07]} 7. Ne2
{[%clk 0:02:55]} Nbc6 {[%clk 0:02:58]} 8. c3 {[%clk 0:02:56]} h5 {[%clk 0:02:11]}
9. Qh3 {[%clk 0:02:56]} g6 {[%clk 0:02:10]} 10. Bg5 {[%clk 0:02:54]} Bg7
{[%clk 0:02:07]} 11. Nf4 {[%clk 0:02:54]} Nf5 {[%clk 0:01:53]} 12. Bd3
{[%clk 0:02:54]} Nce7 {[%clk 0:01:37]} 13. Bf6 {[%clk 0:02:54]} Kf8
{[%clk 0:01:30]} 14. Ng5 {[%clk 0:02:41]} Qd8 {[%clk 0:01:13]} 15. Bxg7+
{[%clk 0:02:14]} Kxg7 {[%clk 0:01:08]} 16. Qf3 {[%clk 0:02:04]} h4
{[%clk 0:00:58]} 17. g4 {[%clk 0:02:01]} hxg3 {[%clk 0:00:47]} 18. hxg3
{[%clk 0:02:02]} Bd7 {[%clk 0:00:31]} 19. O-O-O {[%clk 0:01:59]} Nh6
{[%clk 0:00:15]} 20. g4 {[%clk 0:01:48]} c5 {[%clk 0:00:07]} 1-0

[Event "Team Championship Russia (Blitz, Men)"]
[Site "Sochi"]
[Date "2018.10.10"]
[Round "7.7"]
[White "Yuffa, Daniil"]
[Black "Malakhov, Vladimir"]
[Result "0-1"]
[BlackElo "2630"]
[WhiteElo "2470"]
[LiveChessVersion "1.4.8"]

1. d4 {[%clk 0:03:02]} d5 {[%clk 0:03:03]} 2. c4 {[%clk 0:03:04]} c6
{[%clk 0:03:04]} 3. Nf3 {[%clk 0:03:04]} Nf6 4. g3 dxc4 {[%clk 0:03:06]} 5. Bg2
{[%clk 0:03:07]} g6 {[%clk 0:03:06]} 6. Ne5 {[%clk 0:03:04]} Be6 {[%clk 0:03:01]}
7. Na3 {[%clk 0:03:00]} Bd5 {[%clk 0:02:59]} 8. f3 {[%clk 0:02:59]} b5
{[%clk 0:03:00]} 9. O-O {[%clk 0:02:55]} Bg7 {[%clk 0:03:00]} 10. e4
{[%clk 0:02:50]} Be6 {[%clk 0:03:00]} 11. b3 {[%clk 0:02:44]} cxb3
{[%clk 0:02:47]} 12. axb3 {[%clk 0:02:44]} Nfd7 {[%clk 0:02:40]} 13. f4
{[%clk 0:02:20]} Nxe5 {[%clk 0:02:38]} 14. fxe5 {[%clk 0:02:21]} O-O
{[%clk 0:01:48]} 15. Bf4 {[%clk 0:02:22]} b4 {[%clk 0:01:30]} 16. Nc4
{[%clk 0:02:20]} Bxc4 {[%clk 0:01:31]} 17. bxc4 {[%clk 0:02:21]} c5
{[%clk 0:01:24]} 18. d5 {[%clk 0:02:14]} Nd7 {[%clk 0:01:24]} 19. e6
{[%clk 0:02:09]} fxe6 {[%clk 0:01:25]} 20. e5 {[%clk 0:02:03]} Nxe5
{[%clk 0:01:19]} 21. Qe2 {[%clk 0:01:54]} Nd7 {[%clk 0:01:07]} 22. Qxe6+
{[%clk 0:01:42]} Kh8 {[%clk 0:01:08]} 23. Rae1 {[%clk 0:01:40]} Nb6
{[%clk 0:00:46]} 24. Bg5 {[%clk 0:01:28]} Rxf1+ {[%clk 0:00:31]} 25. Rxf1
{[%clk 0:01:29]} Qd6 {[%clk 0:00:28]} 26. Qxe7 {[%clk 0:01:09]} Nxc4
{[%clk 0:00:27]} 27. Rf4 {[%clk 0:00:54]} Bd4+ {[%clk 0:00:24]} 28. Kh1
{[%clk 0:00:55]} b3 {[%clk 0:00:17]} 29. Qb7 {[%clk 0:00:45]} Rb8
{[%clk 0:00:18]} 30. Qf7 {[%clk 0:00:23]} b2 {[%clk 0:00:19]} 31. Be4
{[%clk 0:00:25]} b1=Q+ {[%clk 0:00:19]} 32. Bxb1 {[%clk 0:00:26]} Rxb1+
{[%clk 0:00:20]} 33. Kg2 {[%clk 0:00:27]} Qxd5+ {[%clk 0:00:21]} 34. Kh3
{[%clk 0:00:20]} Qxf7 {[%clk 0:00:22]} 35. Rxf7 {[%clk 0:00:21]} a5
{[%clk 0:00:17]} 36. Bh6 {[%clk 0:00:23]} Rb8 {[%clk 0:00:18]} 37. Ra7
{[%clk 0:00:24]} Be3 {[%clk 0:00:15]} 38. Bg7+ {[%clk 0:00:23]} Kg8
{[%clk 0:00:16]} 39. Bc3 {[%clk 0:00:22]} Bd4 {[%clk 0:00:17]} 40. Be1
{[%clk 0:00:17]} Re8 {[%clk 0:00:16]} 41. Bxa5 {[%clk 0:00:18]} Nxa5 42. Rxa5
{[%clk 0:00:19]} Rc8 {[%clk 0:00:18]} 0-1

[Event "Team Championship Russia (Blitz, Men)"]
[Site "Sochi"]
[Date "2018.10.10"]
[Round "7.8"]
[White "Motylev, Alexander"]
[Black "Kryakvin, Dmitry"]
[Result "1/2-1/2"]
[BlackElo "2468"]
[WhiteElo "2569"]
[LiveChessVersion "1.4.8"]

1. e4 {[%clk 0:03:02]} c5 {[%clk 0:03:04]} 2. Nf3 {[%clk 0:03:03]} d6
{[%clk 0:03:05]} 3. d4 {[%clk 0:03:04]} cxd4 {[%clk 0:03:07]} 4. Nxd4
{[%clk 0:03:05]} Nf6 {[%clk 0:03:08]} 5. Nc3 Nc6 6. Bg5 {[%clk 0:03:05]} e6
{[%clk 0:03:11]} 7. Qd2 Be7 8. O-O-O {[%clk 0:03:04]} O-O {[%clk 0:03:13]} 9. f4
{[%clk 0:03:02]} h6 {[%clk 0:03:14]} 10. h4 {[%clk 0:02:24]} Nxd4
{[%clk 0:03:08]} 11. Qxd4 {[%clk 0:02:24]} hxg5 {[%clk 0:03:07]} 12. hxg5
{[%clk 0:02:25]} Ng4 {[%clk 0:03:08]} 13. Be2 {[%clk 0:01:27]} e5
{[%clk 0:03:09]} 14. Qg1 {[%clk 0:01:25]} exf4 {[%clk 0:03:02]} 15. Bxg4
{[%clk 0:01:25]} Bxg4 {[%clk 0:03:00]} 16. Qh2 {[%clk 0:01:22]} f5
{[%clk 0:02:57]} 17. Qh7+ {[%clk 0:00:45]} Kf7 {[%clk 0:02:58]} 18. exf5
{[%clk 0:00:46]} Bxg5 {[%clk 0:02:50]} 19. Qg6+ {[%clk 0:00:46]} Kg8
{[%clk 0:02:48]} 20. Qh7+ {[%clk 0:00:26]} Kf7 {[%clk 0:02:50]} 21. Qg6+
{[%clk 0:00:27]} Kg8 {[%clk 0:02:51]} 22. Qh7+ {[%clk 0:00:12]} Kf7
{[%clk 0:02:53]} 23. Qg6+ {[%clk 0:00:13]} 1/2-1/2

[Event "Team Championship Russia (Blitz, Men)"]
[Site "Sochi"]
[Date "2018.10.10"]
[Round "7.9"]
[White "Alekseenko, Kirill"]
[Black "Artemiev, Vladislav"]
[Result "1-0"]
[BlackElo "2849"]
[WhiteElo "2613"]
[LiveChessVersion "1.4.8"]

1. e4 {[%clk 0:03:03]} c6 {[%clk 0:03:03]} 2. d4 {[%clk 0:03:03]} d5
{[%clk 0:03:04]} 3. e5 {[%clk 0:03:04]} Bf5 4. Nf3 {[%clk 0:03:02]} e6
{[%clk 0:03:06]} 5. Be2 {[%clk 0:03:03]} Nd7 {[%clk 0:03:07]} 6. O-O
{[%clk 0:03:01]} Bg6 {[%clk 0:03:08]} 7. Nbd2 {[%clk 0:02:56]} Nh6
{[%clk 0:03:08]} 8. Nb3 {[%clk 0:02:57]} Nf5 {[%clk 0:03:09]} 9. Bd2
{[%clk 0:02:53]} Rc8 {[%clk 0:03:10]} 10. c3 {[%clk 0:02:37]} Be7
{[%clk 0:03:07]} 11. a4 {[%clk 0:02:32]} O-O {[%clk 0:03:04]} 12. g4
{[%clk 0:02:32]} Nh6 {[%clk 0:03:04]} 13. h3 {[%clk 0:02:31]} f6 {[%clk 0:02:57]}
14. exf6 {[%clk 0:02:28]} Rxf6 {[%clk 0:02:58]} 15. Nc1 {[%clk 0:02:13]} Nf7
{[%clk 0:02:49]} 16. Nh4 {[%clk 0:01:59]} Rxf2 {[%clk 0:02:40]} 17. Rxf2
{[%clk 0:01:53]} Bxh4 {[%clk 0:02:40]} 18. Rf1 {[%clk 0:01:37]} Bg3
{[%clk 0:02:30]} 19. Bd3 {[%clk 0:01:25]} Qh4 {[%clk 0:02:24]} 20. Kg2
{[%clk 0:01:26]} Nd6 {[%clk 0:01:48]} 21. Bxg6 hxg6 {[%clk 0:01:49]} 22. Ne2
{[%clk 0:00:55]} Ne4 {[%clk 0:01:48]} 23. Be1 {[%clk 0:00:57]} Bxe1
{[%clk 0:01:42]} 24. Qxe1 {[%clk 0:00:58]} Qh6 {[%clk 0:01:38]} 25. Ng3
{[%clk 0:00:34]} Ng5 {[%clk 0:01:38]} 26. Rh1 {[%clk 0:00:36]} e5
{[%clk 0:01:27]} 27. dxe5 {[%clk 0:00:31]} Ne6 {[%clk 0:01:29]} 28. Rf1
{[%clk 0:00:23]} Nf4+ {[%clk 0:01:21]} 29. Rxf4 {[%clk 0:00:24]} Qxf4
{[%clk 0:01:22]} 30. e6 {[%clk 0:00:26]} Nc5 {[%clk 0:01:12]} 31. Qe2
{[%clk 0:00:16]} Re8 {[%clk 0:01:10]} 32. e7 {[%clk 0:00:17]} Ne4
{[%clk 0:00:35]} 33. Nxe4 {[%clk 0:00:18]} dxe4 {[%clk 0:00:36]} 34. Rf1
{[%clk 0:00:18]} Qe5 {[%clk 0:00:35]} 35. Qc4+ {[%clk 0:00:15]} Kh7
{[%clk 0:00:32]} 36. Rf8 {[%clk 0:00:13]} Rxe7 {[%clk 0:00:29]} 37. Qg8+
{[%clk 0:00:14]} Kh6 {[%clk 0:00:30]} 38. h4 {[%clk 0:00:13]} 1-0

[Event "Team Championship Russia (Blitz, Men)"]
[Site "Sochi"]
[Date "2018.10.10"]
[Round "7.11"]
[White "Usmanov, Vasily"]
[Black "Timofeev, Artyom"]
[Result "0-1"]
[BlackElo "2610"]
[WhiteElo "2446"]
[LiveChessVersion "1.4.8"]

1. Nf3 {[%clk 0:03:03]} c5 {[%clk 0:03:02]} 2. c3 {[%clk 0:03:04]} d5
{[%clk 0:02:56]} 3. d4 {[%clk 0:03:05]} e6 {[%clk 0:02:57]} 4. Bf4
{[%clk 0:03:01]} Bd6 {[%clk 0:02:57]} 5. Bg3 {[%clk 0:03:00]} Nf6
{[%clk 0:02:55]} 6. e3 {[%clk 0:02:57]} Ne4 {[%clk 0:02:55]} 7. Bh4
{[%clk 0:02:47]} Qb6 {[%clk 0:02:52]} 8. Qb3 {[%clk 0:02:41]} c4 {[%clk 0:02:48]}
9. Qc2 {[%clk 0:02:42]} Qc7 {[%clk 0:02:37]} 10. Nbd2 {[%clk 0:02:37]} f5
{[%clk 0:02:37]} 11. Be2 {[%clk 0:02:04]} Nd7 {[%clk 0:02:36]} 12. Ng5
{[%clk 0:01:35]} Nxg5 {[%clk 0:02:02]} 13. Bxg5 {[%clk 0:01:36]} O-O
{[%clk 0:01:59]} 14. f4 {[%clk 0:01:37]} b5 {[%clk 0:02:00]} 15. a3
{[%clk 0:01:35]} a5 {[%clk 0:02:00]} 16. O-O {[%clk 0:01:31]} Nf6
{[%clk 0:01:53]} 17. Bxf6 {[%clk 0:01:30]} Rxf6 {[%clk 0:01:53]} 18. Nf3
{[%clk 0:01:30]} Bd7 {[%clk 0:01:54]} 19. Ne5 {[%clk 0:01:31]} Be8
{[%clk 0:01:55]} 20. g4 {[%clk 0:01:32]} Bg6 {[%clk 0:01:42]} 21. g5
{[%clk 0:01:29]} Rff8 {[%clk 0:01:43]} 22. Nxg6 {[%clk 0:01:12]} hxg6
{[%clk 0:01:44]} 23. h4 {[%clk 0:01:13]} Kf7 {[%clk 0:01:45]} 24. Kg2
{[%clk 0:01:11]} b4 {[%clk 0:01:41]} 25. axb4 {[%clk 0:01:12]} axb4
{[%clk 0:01:42]} 26. h5 {[%clk 0:01:10]} gxh5 {[%clk 0:01:37]} 27. Bxh5+
{[%clk 0:01:10]} Ke7 {[%clk 0:01:38]} 28. Qf2 {[%clk 0:00:57]} Rh8
{[%clk 0:01:26]} 29. Rxa8 {[%clk 0:00:57]} Rxa8 {[%clk 0:01:27]} 30. Qh4
{[%clk 0:00:56]} Rh8 {[%clk 0:01:23]} 31. g6+ {[%clk 0:00:52]} Kd7
{[%clk 0:01:24]} 32. Rh1 {[%clk 0:00:51]} bxc3 {[%clk 0:01:14]} 33. bxc3
{[%clk 0:00:52]} Qa5 {[%clk 0:01:15]} 34. Qe1 {[%clk 0:00:42]} Be7
{[%clk 0:00:59]} 35. Qb1 {[%clk 0:00:34]} Kc7 {[%clk 0:00:56]} 36. Qc2
{[%clk 0:00:28]} Rb8 {[%clk 0:00:55]} 37. Be2 {[%clk 0:00:22]} Rb3
{[%clk 0:00:55]} 38. Rc1 {[%clk 0:00:18]} Ba3 {[%clk 0:00:55]} 39. Rb1
{[%clk 0:00:13]} Qxc3 {[%clk 0:00:47]} 40. Qxc3 {[%clk 0:00:12]} Rxc3
{[%clk 0:00:48]} 41. Rh1 {[%clk 0:00:07]} Be7 {[%clk 0:00:43]} 42. Rh8
{[%clk 0:00:05]} Rxe3 {[%clk 0:00:42]} 43. Kf2 {[%clk 0:00:06]} Re4
{[%clk 0:00:43]} 44. Rg8 {[%clk 0:00:06]} Bf6 {[%clk 0:00:44]} 45. Rf8
{[%clk 0:00:07]} Bxd4+ {[%clk 0:00:45]} 46. Ke1 {[%clk 0:00:08]} Rxf4
{[%clk 0:00:45]} 47. Kd2 {[%clk 0:00:07]} Kd6 {[%clk 0:00:45]} 48. Rf7
{[%clk 0:00:08]} Rf2 {[%clk 0:00:44]} 49. Ke1 {[%clk 0:00:08]} Rg2
{[%clk 0:00:43]} 50. Bd1 {[%clk 0:00:09]} Rxg6 {[%clk 0:00:43]} 51. Ba4
{[%clk 0:00:10]} Rg1+ {[%clk 0:00:43]} 52. Ke2 {[%clk 0:00:09]} g5
{[%clk 0:00:42]} 53. Kf3 {[%clk 0:00:09]} g4+ 54. Ke2 g3 {[%clk 0:00:33]} 55. Kf3
{[%clk 0:00:11]} e5 {[%clk 0:00:33]} 56. Rf6+ {[%clk 0:00:10]} Ke7
{[%clk 0:00:34]} 57. Rg6 {[%clk 0:00:09]} g2 {[%clk 0:00:26]} 58. Rxg2
{[%clk 0:00:08]} e4+ {[%clk 0:00:26]} 59. Kg3 {[%clk 0:00:10]} f4+
{[%clk 0:00:26]} 60. Kh2 {[%clk 0:00:10]} Rxg2+ {[%clk 0:00:27]} 61. Kxg2
{[%clk 0:00:11]} Kf6 {[%clk 0:00:28]} 62. Kh3 {[%clk 0:00:12]} Ke5
{[%clk 0:00:29]} 63. Kg4 {[%clk 0:00:13]} Be3 {[%clk 0:00:29]} 0-1

[Event "Team Championship Russia (Blitz, Men)"]
[Site "Sochi"]
[Date "2018.10.10"]
[Round "7.12"]
[White "Hasangatin, Ramil"]
[Black "Romanov, Evgeny"]
[Result "0-1"]
[BlackElo "2523"]
[WhiteElo "2496"]
[LiveChessVersion "1.4.8"]

1. Nf3 {[%clk 0:03:02]} Nf6 {[%clk 0:03:04]} 2. g3 {[%clk 0:03:04]} b6
{[%clk 0:03:05]} 3. Bg2 {[%clk 0:03:05]} Bb7 {[%clk 0:03:06]} 4. O-O
{[%clk 0:03:05]} g6 {[%clk 0:03:07]} 5. b3 {[%clk 0:03:02]} Bg7 {[%clk 0:03:08]}
6. Bb2 {[%clk 0:03:03]} O-O {[%clk 0:03:08]} 7. c4 {[%clk 0:03:04]} e6
{[%clk 0:03:10]} 8. Nc3 {[%clk 0:02:47]} d5 {[%clk 0:03:10]} 9. cxd5
{[%clk 0:02:44]} exd5 {[%clk 0:03:11]} 10. d4 {[%clk 0:02:44]} Nbd7
{[%clk 0:03:08]} 11. e3 {[%clk 0:02:44]} Re8 {[%clk 0:03:06]} 12. Re1
{[%clk 0:02:44]} Ne4 {[%clk 0:03:01]} 13. Rc1 {[%clk 0:02:40]} a6
{[%clk 0:03:00]} 14. Qc2 {[%clk 0:02:34]} Rc8 {[%clk 0:03:01]} 15. Nd2
{[%clk 0:02:16]} f5 {[%clk 0:03:01]} 16. Nf3 {[%clk 0:01:54]} g5 {[%clk 0:02:51]}
17. Ne2 {[%clk 0:01:46]} Bf6 {[%clk 0:02:30]} 18. Red1 {[%clk 0:01:36]} Qe7
{[%clk 0:02:26]} 19. Qd3 {[%clk 0:01:18]} h5 {[%clk 0:02:18]} 20. Qc2
{[%clk 0:01:07]} h4 {[%clk 0:02:15]} 21. Qd3 {[%clk 0:00:56]} Kg7
{[%clk 0:02:15]} 22. Rc2 {[%clk 0:00:53]} Rh8 {[%clk 0:02:04]} 23. Rdc1
{[%clk 0:00:53]} c6 {[%clk 0:01:59]} 24. Qd1 {[%clk 0:00:40]} Rh6
{[%clk 0:01:54]} 25. Ne5 {[%clk 0:00:29]} hxg3 {[%clk 0:01:37]} 26. hxg3
{[%clk 0:00:30]} Nxe5 {[%clk 0:01:31]} 27. dxe5 {[%clk 0:00:31]} Bxe5
{[%clk 0:01:32]} 28. Nd4 {[%clk 0:00:33]} Qf6 {[%clk 0:01:09]} 29. Qf3
{[%clk 0:00:26]} Nd6 {[%clk 0:00:52]} 30. Ba3 {[%clk 0:00:08]} c5
{[%clk 0:00:53]} 31. Qd1 {[%clk 0:00:04]} g4 {[%clk 0:00:31]} 32. Ne2
{[%clk 0:00:05]} Rch8 {[%clk 0:00:32]} 33. Nf4 {[%clk 0:00:04]} d4
{[%clk 0:00:25]} 34. f3 {[%clk 0:00:04]} gxf3 {[%clk 0:00:23]} 35. Bxf3
{[%clk 0:00:05]} Rh1+ {[%clk 0:00:22]} 36. Bxh1 {[%clk 0:00:06]} Rxh1+
{[%clk 0:00:23]} 37. Kf2 {[%clk 0:00:07]} Ne4+ {[%clk 0:00:22]} 38. Ke2
{[%clk 0:00:08]} Nxg3+ {[%clk 0:00:22]} 39. Kd3 {[%clk 0:00:09]} Be4+
{[%clk 0:00:21]} 40. Kd2 {[%clk 0:00:11]} Rxd1+ {[%clk 0:00:20]} 41. Rxd1
{[%clk 0:00:12]} dxe3+ {[%clk 0:00:18]} 42. Kxe3 {[%clk 0:00:13]} Bxc2
{[%clk 0:00:18]} 43. Rg1 {[%clk 0:00:14]} Bd4+ {[%clk 0:00:19]} 44. Kxd4 0-1

[Event "Team Championship Russia (Blitz, Men)"]
[Site "Sochi"]
[Date "2018.10.10"]
[Round "7.13"]
[White "Bocharov, Ivan"]
[Black "Triapishko, Alexandr"]
[Result "1-0"]
[BlackElo "2560"]
[WhiteElo "2667"]
[LiveChessVersion "1.4.8"]

1. e4 {[%clk 0:03:04]} c6 {[%clk 0:03:03]} 2. d4 {[%clk 0:03:05]} d5
{[%clk 0:03:04]} 3. e5 {[%clk 0:03:06]} Bf5 {[%clk 0:03:05]} 4. h4
{[%clk 0:03:07]} h5 {[%clk 0:03:05]} 5. Bd3 {[%clk 0:03:05]} Bxd3
{[%clk 0:03:05]} 6. Qxd3 {[%clk 0:03:06]} Qa5+ {[%clk 0:03:06]} 7. Nd2
{[%clk 0:03:07]} e6 {[%clk 0:03:06]} 8. Ngf3 {[%clk 0:03:05]} Nh6
{[%clk 0:03:01]} 9. O-O {[%clk 0:02:52]} Be7 {[%clk 0:02:52]} 10. c4
{[%clk 0:02:50]} Nf5 {[%clk 0:02:51]} 11. g3 {[%clk 0:02:50]} dxc4
{[%clk 0:02:11]} 12. Nxc4 {[%clk 0:02:32]} Qd5 {[%clk 0:02:12]} 13. Bg5
{[%clk 0:02:26]} Bxg5 {[%clk 0:01:41]} 14. Nxg5 {[%clk 0:02:27]} O-O
{[%clk 0:01:24]} 15. Rfd1 {[%clk 0:02:17]} g6 {[%clk 0:00:55]} 16. Ne3
{[%clk 0:02:10]} Nxe3 {[%clk 0:00:33]} 17. fxe3 {[%clk 0:02:03]} c5
{[%clk 0:00:22]} 18. Rf1 {[%clk 0:01:12]} Nd7 {[%clk 0:00:20]} 19. Rad1
{[%clk 0:01:04]} Rad8 {[%clk 0:00:13]} 20. Qc2 {[%clk 0:01:01]} cxd4
{[%clk 0:00:09]} 21. exd4 {[%clk 0:00:58]} Rc8 {[%clk 0:00:05]} 22. Qb1
{[%clk 0:00:56]} Kg7 {[%clk 0:00:03]} 23. Rf4 {[%clk 0:00:55]} f5
{[%clk 0:00:03]} 24. exf6+ {[%clk 0:00:53]} Rxf6 {[%clk 0:00:05]} 25. Re1
{[%clk 0:00:51]} Rc6 {[%clk 0:00:04]} 26. Qe4 {[%clk 0:00:47]} Qxe4
{[%clk 0:00:05]} 27. Rfxe4 {[%clk 0:00:47]} Nf8 {[%clk 0:00:05]} 28. d5
{[%clk 0:00:48]} exd5 {[%clk 0:00:04]} 29. Re7+ {[%clk 0:00:49]} Kg8
{[%clk 0:00:05]} 30. Rxb7 {[%clk 0:00:49]} Rb6 {[%clk 0:00:04]} 31. Ree7
{[%clk 0:00:46]} Rxb7 {[%clk 0:00:04]} 32. Rxb7 {[%clk 0:00:47]} Ra6
{[%clk 0:00:05]} 33. a3 {[%clk 0:00:44]} d4 {[%clk 0:00:06]} 34. Kf2
{[%clk 0:00:45]} Rb6 {[%clk 0:00:05]} 35. Rxb6 {[%clk 0:00:45]} axb6
{[%clk 0:00:07]} 36. Kf3 {[%clk 0:00:46]} Nd7 {[%clk 0:00:04]} 37. Ke4
{[%clk 0:00:47]} Kg7 {[%clk 0:00:04]} 38. Kxd4 {[%clk 0:00:47]} Kf6
{[%clk 0:00:05]} 39. b4 {[%clk 0:00:47]} Kf5 {[%clk 0:00:06]} 40. a4
{[%clk 0:00:44]} Kg4 {[%clk 0:00:05]} 41. Ne4 {[%clk 0:00:45]} Kf3
{[%clk 0:00:04]} 42. a5 {[%clk 0:00:46]} bxa5 {[%clk 0:00:05]} 43. bxa5
{[%clk 0:00:47]} Nb8 {[%clk 0:00:07]} 44. Kd5 {[%clk 0:00:43]} Ke3
{[%clk 0:00:03]} 45. Nc5 {[%clk 0:00:42]} Kf3 {[%clk 0:00:03]} 46. Kd6
{[%clk 0:00:43]} Kxg3 {[%clk 0:00:04]} 47. Kc7 {[%clk 0:00:45]} Kxh4
{[%clk 0:00:04]} 48. Kxb8 {[%clk 0:00:46]} g5 {[%clk 0:00:05]} 49. a6
{[%clk 0:00:46]} g4 {[%clk 0:00:06]} 50. a7 {[%clk 0:00:48]} g3 {[%clk 0:00:07]}
51. Nd3 {[%clk 0:00:45]} g2 {[%clk 0:00:05]} 52. Ne1 {[%clk 0:00:46]} 1-0

[Event "Team Championship Russia (Blitz, Men)"]
[Site "Sochi"]
[Date "2018.10.10"]
[Round "7.14"]
[White "Jary, Sergey"]
[Black "Bocharov, Dmitry"]
[Result "1-0"]
[BlackElo "2649"]
[WhiteElo "2305"]
[LiveChessVersion "1.4.8"]

1. d4 {[%clk 0:03:03]} f5 {[%clk 0:03:00]} 2. g3 {[%clk 0:03:01]} Nf6
{[%clk 0:03:00]} 3. Bg2 {[%clk 0:03:03]} e6 {[%clk 0:03:00]} 4. c4
{[%clk 0:03:04]} d5 {[%clk 0:03:00]} 5. Nf3 {[%clk 0:03:05]} Bd6 {[%clk 0:02:57]}
6. O-O {[%clk 0:03:05]} O-O {[%clk 0:02:57]} 7. b3 {[%clk 0:03:04]} b6
{[%clk 0:02:56]} 8. cxd5 {[%clk 0:03:02]} exd5 {[%clk 0:02:56]} 9. Bb2
{[%clk 0:03:04]} Bb7 {[%clk 0:02:48]} 10. e3 {[%clk 0:03:03]} Qe7
{[%clk 0:02:45]} 11. Ne5 {[%clk 0:03:04]} c5 {[%clk 0:02:40]} 12. Nd2
{[%clk 0:03:02]} Nbd7 {[%clk 0:02:31]} 13. f4 {[%clk 0:03:03]} Ne4
{[%clk 0:02:25]} 14. Nxe4 {[%clk 0:02:53]} fxe4 {[%clk 0:02:25]} 15. Bh3
{[%clk 0:02:46]} Nf6 {[%clk 0:02:25]} 16. Rc1 {[%clk 0:02:42]} Bc8
{[%clk 0:02:04]} 17. Bg2 {[%clk 0:02:35]} Bf5 {[%clk 0:01:58]} 18. g4
{[%clk 0:02:03]} Bxe5 {[%clk 0:01:41]} 19. dxe5 {[%clk 0:01:54]} Nxg4
{[%clk 0:01:40]} 20. Qxd5+ {[%clk 0:01:54]} Kh8 {[%clk 0:01:41]} 21. Qd2
{[%clk 0:01:51]} Rad8 {[%clk 0:01:36]} 22. Qe1 {[%clk 0:01:42]} Rd3
{[%clk 0:01:34]} 23. Rc3 {[%clk 0:01:38]} Rfd8 {[%clk 0:01:35]} 24. Bc1
{[%clk 0:01:31]} h5 {[%clk 0:00:52]} 25. h3 {[%clk 0:01:24]} Nh6 {[%clk 0:00:53]}
26. Rxd3 {[%clk 0:01:18]} Rxd3 {[%clk 0:00:51]} 27. Qe2 {[%clk 0:01:17]} Qe8
{[%clk 0:00:45]} 28. Rd1 {[%clk 0:01:16]} Qg6 {[%clk 0:00:46]} 29. Rxd3
{[%clk 0:01:06]} exd3 {[%clk 0:00:43]} 30. Qf3 {[%clk 0:01:07]} Qe8
{[%clk 0:00:10]} 31. e4 {[%clk 0:01:04]} Qd7 {[%clk 0:00:11]} 32. Bd2
{[%clk 0:00:58]} Bh7 {[%clk 0:00:08]} 33. Qe3 {[%clk 0:00:54]} Nf7
{[%clk 0:00:05]} 34. Bf1 {[%clk 0:00:54]} Nd8 {[%clk 0:00:05]} 35. Qxd3
{[%clk 0:00:55]} Qe8 {[%clk 0:00:06]} 36. f5 {[%clk 0:00:55]} Nc6
{[%clk 0:00:06]} 37. Bc3 {[%clk 0:00:56]} Nxe5 {[%clk 0:00:06]} 38. Qg3
{[%clk 0:00:43]} Ng6 {[%clk 0:00:05]} 39. fxg6 {[%clk 0:00:41]} Bxg6
{[%clk 0:00:06]} 40. Qe5 {[%clk 0:00:43]} Qf8 {[%clk 0:00:06]} 41. Bd3
{[%clk 0:00:42]} Kh7 {[%clk 0:00:06]} 42. h4 {[%clk 0:00:43]} Qf7
{[%clk 0:00:07]} 43. Kg2 {[%clk 0:00:42]} Qd7 {[%clk 0:00:08]} 44. Kf2
{[%clk 0:00:42]} b5 {[%clk 0:00:08]} 45. Bxb5 {[%clk 0:00:41]} Qf7+
{[%clk 0:00:07]} 46. Ke3 {[%clk 0:00:42]} Kg8 {[%clk 0:00:06]} 47. Bc4
{[%clk 0:00:43]} 1-0

[Event "Team Championship Russia (Blitz, Men)"]
[Site "Sochi"]
[Date "2018.10.10"]
[Round "7.15"]
[White "Maletin, Pavel"]
[Black "Papenin, Nikolai"]
[Result "1-0"]
[BlackElo "2337"]
[WhiteElo "2637"]
[LiveChessVersion "1.4.8"]

1. c4 {[%clk 0:03:03]} Nf6 {[%clk 0:03:04]} 2. g3 {[%clk 0:03:05]} g6
{[%clk 0:03:02]} 3. Bg2 {[%clk 0:03:06]} d5 {[%clk 0:03:01]} 4. cxd5
{[%clk 0:03:06]} Nxd5 {[%clk 0:03:03]} 5. Nc3 {[%clk 0:03:08]} Nxc3
{[%clk 0:03:00]} 6. bxc3 {[%clk 0:03:09]} Bg7 {[%clk 0:03:01]} 7. Rb1
{[%clk 0:03:10]} Nd7 {[%clk 0:03:02]} 8. h4 {[%clk 0:03:04]} h5 {[%clk 0:03:03]}
9. Nf3 {[%clk 0:03:04]} O-O {[%clk 0:03:04]} 10. Ng5 {[%clk 0:03:04]} c6
{[%clk 0:02:50]} 11. O-O {[%clk 0:02:56]} Nf6 {[%clk 0:02:51]} 12. d4
{[%clk 0:02:54]} Nd5 {[%clk 0:02:36]} 13. Qb3 {[%clk 0:02:52]} b5
{[%clk 0:02:21]} 14. Ba3 {[%clk 0:02:30]} a5 {[%clk 0:01:39]} 15. Bc5
{[%clk 0:02:30]} Bg4 {[%clk 0:01:20]} 16. e4 {[%clk 0:02:19]} Nb6
{[%clk 0:01:21]} 17. e5 {[%clk 0:02:19]} Be2 {[%clk 0:01:09]} 18. Bxc6
{[%clk 0:02:18]} Rc8 {[%clk 0:01:05]} 19. Be4 {[%clk 0:02:11]} Bc4
{[%clk 0:00:58]} 20. Qc2 {[%clk 0:02:01]} Bxf1 {[%clk 0:00:47]} 21. Kxf1
{[%clk 0:01:57]} Rxc5 {[%clk 0:00:38]} 22. dxc5 {[%clk 0:01:55]} Na4
{[%clk 0:00:34]} 23. Bxg6 {[%clk 0:01:43]} Qd5 {[%clk 0:00:30]} 24. Bxh5
{[%clk 0:01:24]} Qh1+ {[%clk 0:00:31]} 25. Ke2 {[%clk 0:01:25]} Qxb1
{[%clk 0:00:31]} 26. Qxb1 {[%clk 0:01:18]} Nxc3+ {[%clk 0:00:33]} 27. Kd3
{[%clk 0:01:15]} Nxb1 {[%clk 0:00:34]} 28. f4 {[%clk 0:01:11]} f6
{[%clk 0:00:30]} 29. Ne6 {[%clk 0:01:05]} Rc8 {[%clk 0:00:29]} 30. Bf3
{[%clk 0:01:06]} Kf7 {[%clk 0:00:21]} 31. f5 {[%clk 0:01:02]} fxe5
{[%clk 0:00:20]} 32. Bb7 {[%clk 0:01:03]} e4+ {[%clk 0:00:17]} 33. Kc2
{[%clk 0:00:59]} Rb8 {[%clk 0:00:14]} 34. c6 {[%clk 0:00:59]} Na3+
{[%clk 0:00:14]} 35. Kb3 {[%clk 0:01:00]} Be5 {[%clk 0:00:08]} 36. Kxa3
{[%clk 0:00:37]} e3 {[%clk 0:00:09]} 37. c7 {[%clk 0:00:38]} Bxc7
{[%clk 0:00:10]} 38. Bf3 {[%clk 0:00:39]} Bxg3 {[%clk 0:00:10]} 39. Kb3
{[%clk 0:00:40]} Rc8 {[%clk 0:00:11]} 40. h5 {[%clk 0:00:41]} Rc1
{[%clk 0:00:11]} 41. h6 {[%clk 0:00:41]} Rf1 {[%clk 0:00:12]} 42. h7
{[%clk 0:00:42]} Be5 {[%clk 0:00:13]} 43. Bh5+ {[%clk 0:00:43]} Kf6
{[%clk 0:00:07]} 44. h8=Q+ {[%clk 0:00:44]} Kxf5 {[%clk 0:00:08]} 45. Qg8
{[%clk 0:00:33]} Ke4 {[%clk 0:00:06]} 46. Qg2+ {[%clk 0:00:34]} Kd5 1-0